1019 1217 1651 1952 1997 1583 1023 1898 1950 1418 1127 1649 1083 1475 1881 1813 1770 1289 1536 1632 1289 1256 1759 1176 1449 1440 1029 1956 1333 1600 1397 1115 1443 1588 1646 1510 1435 1248 1921 1902 1019 1947 1431 1162 1333 1979 1175 1898 1498 1596 1706 1079 1874 1334 1753 1164 1577 1822 1012 1772 1747 1075 1845 1541 1458 1487 1243 1305 1894 1911 1874 1419 1185 1459 1225 1542 1982 1895 1590 1169 1573 1212 1222 1934 1156 1763 1920 1481 1422 1302 1171 1620 1462 1979 1951 1100 1804 1340 1831 BCNSPRNW ULIB Ver.6.0+V

เปลี่ยนเป็นภาษาไทย

Change to English
 แสดงรายละเอียดบรรณานุกรม
  กลับหน้าหลัก

Brief Record : Get Marc (ISO 2709) : E-mail record : QR code < ปิดหน้าต่าง
LEADER : 00000nam 2200000uu 4500
001    13399126450
003     ULIB
008    180918s2559||||th 000 0 tha d
020    ^a9789740334699
050  4 ^aLB 1139.23^bศ295ก
100 0  ^aศศิลักษณ์ ขยันกิจ
245 10 ^aการประเมินอย่างใคร่ครวญต่อเด็กปฐมวัย :^bแนวคิดและการปฏิบัติเพื่อสนับสนุนการเรียนรู้ /^cศศิลักษณ์ ขยันกิจ, บุษบง ตันติวงศ์
260    ^aกรุงเทพฯ :^bสำนักพิมพ์แห่งจุฬาลงกรณ์มหาวิทยาลัย,^c2559
300    ^a206 หน้า :^bภาพประกอบ
650  4 ^aการศึกษาปฐมวัย^xการประเมิน
650  4 ^aครูปฐมวัย
650  4 ^aเด็กปฐมวัย
700 0  ^aบุษบง ตันติวงศ์
999    ^aกัณชพร จุลอักษร
รายการนี้ยังไม่มีแท็ก
คุณยังไม่ได้ล็อกอิน คุณสามารถมีกิจกรรมร่วมกับเว็บไซต์ได้ แต่ต้องล็อกอินก่อน ::
  ล็อกอิน

รายการสื่อสารสนเทศ

ลำดับที่ ประเภท เลขเรียก/บาร์โค้ด สถานที่ สถานะ
- ไม่พบข้อมูล -

รายการใกล้เคียง
    ผู้แต่ง [ศศิลักษณ์ ขยันกิจ]

    หัวเรื่อง [ครูปฐมวัย]
    หัวเรื่อง [เด็กปฐมวัย]

BibComment


ยังไม่เคยถูกคอมเมนท์

คอมเมนท์ทรัพยากรรายการนี้
  คอมเมนท์: การประเมินอย่างใ..


 Copyright 2026. Bcnsprnw @Library